Ernst Meumann Vorlesung zur Eunführung in die experimentelle Paedagogik und ihre psychologische Grundlagen : [könyvismertető] : 2 kötet; 1. köt. XVIII + 555 p., II. köt. VII + 467 p.; Leipzig, Engelmann 1907 /

Elmentve itt :
Bibliográfiai részletek
Szerzők: Pauler Ákos
Meumann Ernst
Dokumentumtípus: Cikk
Megjelent: 1908
Sorozat:Magyar pedagógia : a Magyar Tudományos Akadémia Pedagógiai Bizottságának folyóirata 17
Kulcsszavak:Kísérleti pedagógia Németország 1908, Kísérleti pedagógia
Online Access:http://misc.bibl.u-szeged.hu/8410
LEADER 00906nab a2200193 i 4500
001 misc8410
005 20191106143911.0
008 170607s1908 hu o 0|| hun d
022 |a 0025-0260 
040 |a SZTE Miscellanea Repozitórium  |b hun 
041 |a hun 
100 1 |a Pauler Ákos 
245 1 0 |a Ernst Meumann   |h [elektronikus dokumentum] :  |b Vorlesung zur Eunführung in die experimentelle Paedagogik und ihre psychologische Grundlagen : [könyvismertető] : 2 kötet; 1. köt. XVIII + 555 p., II. köt. VII + 467 p.; Leipzig, Engelmann 1907 /  |c  Pauler Ákos 
260 |c 1908 
300 |a 351-353 
490 0 |a Magyar pedagógia : a Magyar Tudományos Akadémia Pedagógiai Bizottságának folyóirata  |v 17 
695 |a Kísérleti pedagógia Németország 1908, Kísérleti pedagógia 
700 0 1 |a Meumann Ernst  |e aut 
856 4 0 |u http://misc.bibl.u-szeged.hu/8410/1/mp_1908_1297_351-353.pdf  |z Dokumentum-elérés